01367nam a22003017a 450000100040000000500170000402000300002104000230005105000260007408200140010010000340011424501100014825000460025826000350030430000400033949000230037950500080040252001930041052100200060352100200062365000350064370000360067890600450071494200150075999900130077495201450078795201330093268820240712134831.0 a9780525425823 (hardcover) aDLCcDLCdDLCbeng00aPZ7.S68524bEpao 201200a[Fic]2231 aSobol, Donald J.,d1924-2012.10aEncyclopedia Brown and the case of the soccer scheme /cDonald J. Sobol ; illustrated by James Bernardin. aFirst Scholastic printing, September 2013 aNew York :bScholastic,c2013. a84 pages :billustrations ;c20 cm.0 aEncyclopedia Brown0 aK  aIdaville's secret weapon against lawbreakers, ten-year-old Leroy "Encyclopedia" Brown, helps the police force solve ten new cases, the solutions to which are found in the back of the book. a610 blexile  aK bRaz-Plus  1aMystery and detective stories.1 aBernardin, James,eillustrator. a7bcbccorignewd1eecipf20gy-gencatlg 2ddccBKn0 c688d688 00102ddc40708FICa001b001cTK Yellowd2023-06-29l1oSOB Fic PZ7.S68524pFISTK00417r2024-06-04 09:12:59s2023-10-23t1w2023-06-29yBK 00102ddc40708FICa001b001cTK Yellowd2023-06-29l0oSOB Fic PZ7.S68524pFISTK00418r2024-07-12 13:48:28t2w2023-06-29yBK